Procedimientos de auditoria / (Registro nro. 4427)

Detalles MARC
000 -LEADER
fixed length control field 00955nam a2200241Ia 4500
003 - CONTROL NUMBER IDENTIFIER
control field OSt
005 - DATE AND TIME OF LATEST TRANSACTION
control field 20201006165556.0
008 - FIXED-LENGTH DATA ELEMENTS--GENERAL INFORMATION
fixed length control field 191128s1971 mx gr 000 0 spa d
040 ## - CATALOGING SOURCE
Original cataloging agency CO-JMCR
Transcribing agency CO-JMCR
041 0# - LANGUAGE CODE
Language code of text/sound track or separate title spa
082 04 - DEWEY DECIMAL CLASSIFICATION NUMBER
Classification number 657.45 /
Item number L419p
Edition number 23
100 1# - MAIN ENTRY--PERSONAL NAME
Personal name Lawrence, Charles,
Relator term autor
9 (RLIN) 11304
245 10 - TITLE STATEMENT
Title Procedimientos de auditoria /
Statement of responsibility, etc. Charles Lawrence
250 ## - EDITION STATEMENT
Edition statement Primera edición
260 ## - PUBLICATION, DISTRIBUTION, ETC.
Place of publication, distribution, etc. México :
Name of publisher, distributor, etc. Centro regional de ayuda técnica,
Date of publication, distribution, etc. 1971.
300 ## - PHYSICAL DESCRIPTION
Extent 119 páginas ;
Dimensions 22 cm.
490 0# - SERIES STATEMENT
Series statement Contabilidad
500 ## - GENERAL NOTE
General note Incluye bibliográfia.
505 0# - FORMATTED CONTENTS NOTE
Formatted contents note La auditoria profesional -- El proceso de auditoria -- Los papeles del trabajo del auditor -- La auditoria de inventario -- Otras situaciones de inventario -- Otras cuentas del activo -- Cuentas del pasivo y de capital -- Cuentas de ingresos y gastos
650 24 - SUBJECT ADDED ENTRY--TOPICAL TERM
Topical term or geographic name entry element Auditoría en obligaciones financieras
9 (RLIN) 11305
650 24 - SUBJECT ADDED ENTRY--TOPICAL TERM
Topical term or geographic name entry element Auditoría
9 (RLIN) 11306
942 ## - ADDED ENTRY ELEMENTS (KOHA)
Source of classification or shelving scheme Dewey Decimal Classification
Koha item type Books
Existencias
Withdrawn status Lost status Source of classification or shelving scheme Materials specified (bound volume or other part) Damaged status Not for loan Home library Current library Shelving location Date acquired Source of acquisition Total Checkouts Total Renewals Full call number Barcode Date last seen Date last checked out Copy number Price effective from Koha item type
    Dewey Decimal Classification Compra--17/11/1977--     Biblioteca Pública José María del Castillo y Rada Biblioteca Pública José María del Castillo y Rada General Stacks 11/28/2019 Donación 1 2 657.45 / L419p 201809289 05/16/2024 08/18/2022 Ej.1 11/28/2019 Books